01163 a2200193 45000010006000000050017000060080041000230030015000640400040000790800117001192450129002360200022003652640031003873000019004185050330004370410008007671000062007758560132008372405620260407155526.0260407a2013 arg spa dAR-UNSa-BCEJYS aAR-UNSa-BCEJYSbspacAR-UNSa-BCEJYS a316.42xCambio social en sociedades globales. Desarrollo social. Sociología del desarrollo (Desarrollo Humano)10aInforme nacional sobre desarrollo humano 2013pArgentina en un mundo incierto: Asegurar el desarrollo humano en el siglo XXI a978-987-1560-47-9 1aBuenos Aires :bPNUDc2013 a149 p.c29 cm. a1. Los logros del desarrollo humano en Argentina - 2. Tendencias globales de un mundo incierto: oportunidades y desafíos para el desarrollo humano - 3. Capital humano para el desarrollo y la igualidad - 4. Innovación productiva para un cambio estructural - 5. Inserción internacional inteligente para la globalización aspa1 aPrograma de las Naciones Unidas para el Desarrollo (PNUD)41uhttps://biblioeco.unsa.edu.ar/pmb/images/libros/Informe Nacinal sobre Desarrollo Humano 2013.jpgyImagen de portadaqimage/jpeg